Score 0/12 Timer 04:00
1 Play Today
Hint Answer % Correct
TransferTris
97.1%
TransferPeter
88.9%
TransferChristina
88.9%
TransferWill
85.9%
TransferAl
85.8%
Dauntless-bornUriah
81.2%
TransferEdward
77.4%
TransferMolly
75.1%
TransferDrew
63.9%
Dauntless-bornMarlene
62.7%
Dauntless-bornLynn
61.6%
TransferMyra
58.7%
Remove Ads.
Support Sporcle.
Get the best of Sporcle when you Go Orange. This ad-free experience offers more features, more stats, and more fun while also helping to support Sporcle. Thank you for becoming a member.

You're not logged in!

Compare scores with friends on all Sporcle quizzes.
OR
Log In

Show Comments

Extras

Top Quizzes Today


Score Distribution

Your Account Isn't Verified!

In order to create a playlist on Sporcle, you need to verify the email address you used during registration. Go to your Sporcle Settings to finish the process.

Report this User

Report this user for behavior that violates our Community Guidelines.

Details: